| 000 | 00722nam a22002417a 4500 | ||
|---|---|---|---|
| 005 | 20170124110012.0 | ||
| 010 | _aB-127281 | ||
| 020 |
_c95.00 _a9788120325722 |
||
| 035 | _aB-127281 | ||
| 037 | _bCen Lib/ Ret | ||
| 040 |
_aDPL _bEN |
||
| 082 |
_a335.437 _bBAR |
||
| 100 |
_aBarone,Charles A. _917918 |
||
| 245 |
_aRadical political economy : _cby Charles A.Barone _ba concise introduction / |
||
| 260 |
_aNew Delhi _bPrentice Hall of India _c2004 |
||
| 270 |
_aM-7,Connaught Circus _bNew Delhi _e110001 |
||
| 300 |
_axi,176p. _c20cm(pbk) |
||
| 500 | _aIncludes index | ||
| 650 |
_aEconomics _917919 |
||
| 650 |
_aRadical economics _917920 |
||
| 700 | _917866 | ||
| 942 |
_2ddc _cEN _h335.437 _mBAR |
||
| 999 |
_c126590 _d126590 |
||